[Event "Teresina-ch sf 2a"]
[White "Bastos, Werton Alvarenga"]
[Black "Sousa, Marcelo Dos Santos"]
[Site "Teresina"]
[Round "1"]
[Result "1-0"]
[Date "2024.05.24"]
[WhiteElo "1898"]
[BlackElo "1652"]
[PlyCount "63"]
[EventDate "2024.05.24"]
[EventType "swiss"]
[EventRounds "5"]
[EventCountry "BRA"]
[SourceTitle "CBM 220 Extra"]
[Source "ChessBase"]
[SourceDate "2024.07.31"]
[SourceVersion "1"]
[SourceVersionDate "2024.07.31"]
[SourceQuality "1"]

1. c4 c5 2. Nc3 Nc6 3. Nf3 Nf6 4. g3 g6 5. Bg2 Bg7 6. 0-0 0-0 7. d4 cxd4 8. Nxd4 a6 9. h3 Re8 10. Be3 Rb8 11. Qd2 Qc7 12. b3 d6 13. Rac1 Bd7 14. Nd5 Qa5 15. Nxc6 Qxd2 16. Ncxe7+ Kf8 17. Bxd2 Rxe7 18. Nxe7 Kxe7 19. Bb4 Bc6 20. Rfd1 Rd8 21. Rd3 Ne8 22. Rcd1 Bf8 23. c5 Ke6 24. e4 f6 25. f4 f5 26. exf5+ gxf5 27. Bd5+ Bxd5 28. Rxd5 h5 29. cxd6 Bxd6 30. Bxd6 Nxd6 31. Re5+ Kf6 32. Rdd5 1-0

[Event "Piaui-ch final"]
[White "Sales, Luis Carlos"]
[Black "Bastos, Werton Alvarenga"]
[Site "Teresina"]
[Round "5"]
[Result "0-1"]
[Date "2021.11.17"]
[WhiteElo "1764"]
[BlackElo "1936"]
[PlyCount "106"]
[EventDate "2021.11.11"]
[EventType "tourn"]
[EventRounds "9"]
[EventCountry "BRA"]
[SourceTitle "EXT 2023"]
[Source "ChessBase"]
[SourceDate "2022.10.05"]
[SourceVersion "1"]
[SourceVersionDate "2022.10.05"]
[SourceQuality "1"]

1. d4 Nf6 2. Bg5 e6 3. Nd2 c5 4. dxc5 Bxc5 5. e3 d5 6. Ngf3 Nc6 7. c3 0-0 8. Be2 Be7 9. 0-0 a6 10. a4 Bd7 11. Nd4 e5 12. Nxc6 bxc6 13. Bf3 e4 14. Be2 Qb6 15. b4 a5 16. bxa5 Qxa5 17. Qc2 c5 18. Bd1 Ra7 19. Nb3 Qc7 20. Bf4 Bd6 21. Bxd6 Qxd6 22. a5 Rfa8 23. c4 d4 24. exd4 cxd4 25. Qd2 d3 26. Re1 Bc6 27. Qc3 Bb7 28. Re3 Rc8 29. Rg3 g6 30. c5 Qe6 31. Qd4 Bd5 32. Qc3 Rb8 33. Nd4 Qe5 34. Rc1 Rc8 35. f4 exf3 36. Bxf3 Ne4 37. Bxe4 Bxe4 38. Re1 Rxc5 39. Qb4 d2 40. Qxd2 Rcxa5 41. Rge3 Ra2 42. Nc2 Qc5 43. Qd8+ Kg7 44. Qd4+ Qxd4 45. Nxd4 Bxg2 46. Ne2 Bd5 47. h3 Be6 48. h4 R2a4 49. h5 R7a5 50. hxg6 hxg6 51. Kf2 Rf5+ 52. Rf3 Rxf3+ 53. Kxf3 Bg4+ 0-1

[Event "Piaui-ch final"]
[White "Bastos, Werton Alvarenga"]
[Black "Lima Filho, Jose Pacifico"]
[Site "Teresina"]
[Round "2"]
[Result "1-0"]
[Date "2021.11.12"]
[WhiteElo "1936"]
[BlackElo "1773"]
[PlyCount "63"]
[EventDate "2021.11.11"]
[EventType "tourn"]
[EventRounds "9"]
[EventCountry "BRA"]
[SourceTitle "EXT 2023"]
[Source "ChessBase"]
[SourceDate "2022.10.05"]
[SourceVersion "1"]
[SourceVersionDate "2022.10.05"]
[SourceQuality "1"]

1. c4 Nf6 2. g3 c6 3. Nf3 d5 4. b3 g6 5. Bb2 Bg7 6. Bg2 0-0 7. 0-0 Bf5 8. d3 Nbd7 9. Nd4 Ne8 10. Qd2 Bxd4 11. Bxd4 e5 12. Bb2 d4 13. Ba3 c5 14. Bxb7 Nd6 15. Bg2 Re8 16. b4 e4 17. bxc5 e3 18. fxe3 dxe3 19. Qc2 Nxc4 20. Qxc4 Ne5 21. Qc3 Nxd3 22. exd3 e2 23. Re1 Rb8 24. Nd2 Bxd3 25. Bb2 Rxb2 26. Qxb2 Qg5 27. Qd4 Qxd2 28. c6 Qe3+ 29. Qxe3 Rxe3 30. Rac1 Ba6 31. c7 Re8 32. Bf3 1-0

[Event "Piaui-ch final"]
[White "Monteiro, Luis Felipe Furtado"]
[Black "Bastos, Werton Alvarenga"]
[Site "Teresina"]
[Round "1"]
[Result "1-0"]
[Date "2021.11.11"]
[WhiteElo "1948"]
[BlackElo "1936"]
[PlyCount "57"]
[EventDate "2021.11.11"]
[EventType "tourn"]
[EventRounds "9"]
[EventCountry "BRA"]
[SourceTitle "EXT 2023"]
[Source "ChessBase"]
[SourceDate "2022.10.05"]
[SourceVersion "1"]
[SourceVersionDate "2022.10.05"]
[SourceQuality "1"]

1. d4 Nf6 2. Bg5 Ne4 3. Bf4 c5 4. f3 Nf6 5. dxc5 Qa5+ 6. Qd2 Qxc5 7. Nc3 d6 8. e4 Nc6 9. 0-0-0 Be6 10. Nd5 Bxd5 11. exd5 Ne5 12. Be3 Qc7 13. Kb1 g6 14. g4 Bg7 15. h4 Nc4 16. Bxc4 Qxc4 17. Ne2 a5 18. h5 Nd7 19. h6 Bf8 20. Bd4 Ne5 21. Bxe5 dxe5 22. Nc3 f6 23. Ne4 Kf7 24. d6 exd6 25. Qxd6 Be7 26. Ng5+ fxg5 27. Qxe5 Rhg8 28. Rhe1 Qc5 29. Rd5 1-0

[Event "Leitao Academia Online op"]
[White "Faraco, Pedro Malheiros"]
[Black "Bastos, Werton Alvarenga"]
[Site "Chess.com INT"]
[Round "4"]
[Result "1-0"]
[Date "2020.05.06"]
[WhiteElo "1489"]
[BlackElo "1801"]
[PlyCount "45"]
[EventDate "2020.04.11"]
[EventType "swiss (rapid)"]
[EventRounds "6"]
[EventCountry "BRA"]
[SourceTitle "EXT 2021"]
[Source "ChessBase"]
[SourceDate "2020.10.23"]
[SourceVersion "1"]
[SourceVersionDate "2020.10.23"]
[SourceQuality "1"]

1. e4 c5 2. Nf3 g6 3. d4 cxd4 4. Nxd4 Nf6 5. Nc3 Bg7 6. e5 Ng8 7. Bf4 Nc6 8. Nxc6 bxc6 9. Bc4 Qa5 10. Qf3 Ba6 11. b4 Qb6 12. b5 Bb7 13. Be3 Qa5 14. Qxf7+ Kd8 15. Qxg7 Qxc3+ 16. Bd2 Qxa1+ 17. Ke2 Qxh1 18. Qxh8 d5 19. exd6 Kd7 20. bxc6+ Bxc6 21. Qe5 Qxg2 22. Qe6+ Kd8 23. Ba5+ 1-0

[Event "Leitao Academia Online op"]
[White "Bastos, Werton Alvarenga"]
[Black "Lourenco Cerqueira, Janderson"]
[Site "Chess.com INT"]
[Round "1"]
[Result "1-0"]
[Date "2020.04.11"]
[WhiteElo "1801"]
[BlackElo "1391"]
[PlyCount "53"]
[EventDate "2020.04.11"]
[EventType "swiss (rapid)"]
[EventRounds "6"]
[EventCountry "BRA"]
[SourceTitle "EXT 2021"]
[Source "ChessBase"]
[SourceDate "2020.10.23"]
[SourceVersion "1"]
[SourceVersionDate "2020.10.23"]
[SourceQuality "1"]

1. c4 c5 2. Nc3 Nc6 3. g3 g6 4. Bg2 Bg7 5. Nf3 Nf6 6. 0-0 0-0 7. d4 cxd4 8. Nxd4 Qc7 9. b3 Nxd4 10. Qxd4 Rb8 11. Qxa7 d6 12. Nb5 Qc5 13. Qxb8 Bh3 14. Qxb7 Bxg2 15. Qxg2 Ng4 16. Ba3 Qe5 17. Rae1 Bh6 18. h3 Nf6 19. Qf3 Bd2 20. Rd1 Ba5 21. Nd4 Bb6 22. Nc6 Qe6 23. Kg2 Nh5 24. Bb2 Nf6 25. Nxe7+ Qxe7 26. Qxf6 Qe4+ 27. Kh2 1-0

[Event "Luiz Rego Memorial 6th"]
[White "Bastos, Werton Alvarenga"]
[Black "Luz, Christian Oliveira"]
[Site "Teresina"]
[Round "1"]
[Result "1-0"]
[Date "2018.08.03"]
[WhiteElo "1927"]
[BlackElo "1200"]
[PlyCount "63"]
[EventDate "2018.08.03"]
[EventType "swiss"]
[EventRounds "6"]
[EventCountry "BRA"]
[SourceTitle "CBM 186 Extra"]
[Source "ChessBase"]
[SourceDate "2018.08.24"]
[SourceVersion "1"]
[SourceVersionDate "2018.08.24"]
[SourceQuality "1"]

1. c4 d6 2. g3 g6 3. Bg2 Bg7 4. Nf3 Nf6 5. 0-0 c5 6. d4 0-0 7. Nc3 Nbd7 8. b3 Rb8 9. Bb2 b6 10. e4 cxd4 11. Nxd4 e5 12. Nc6 Qc7 13. Nxb8 Nxb8 14. Nb5 Qd7 15. Qxd6 Qxd6 16. Nxd6 Nc6 17. Rfd1 Nd4 18. Bxd4 exd4 19. e5 Nd7 20. f4 Nc5 21. Rxd4 f6 22. Nxc8 fxe5 23. Ne7+ Kf7 24. fxe5 Bxe5 25. Rf1+ Kxe7 26. Rd5 Rxf1+ 27. Kxf1 Ke6 28. Bh3+ Kf6 29. b4 Ne4 30. Rd7 Ng5 31. Kg2 Bb8 32. Rb7 1-0

[Event "Piaui-ch final"]
[White "Correa, Luca Soares"]
[Black "Bastos, Werton Alvarenga"]
[Site "Teresina"]
[Round "13"]
[Result "1-0"]
[Date "2018.01.06"]
[WhiteElo "1819"]
[BlackElo "2054"]
[PlyCount "67"]
[EventDate "2017.12.28"]
[EventType "tourn"]
[EventRounds "18"]
[EventCountry "BRA"]
[SourceTitle "EXT 2019"]
[Source "ChessBase"]
[SourceDate "2018.10.10"]
[SourceVersion "1"]
[SourceVersionDate "2018.10.10"]
[SourceQuality "1"]

1. e4 c5 2. Nc3 g6 3. g3 Bg7 4. Bg2 e6 5. d3 Ne7 6. f4 d5 7. e5 Nbc6 8. Nf3 0-0 9. 0-0 a6 10. Ne2 d4 11. Nd2 Nd5 12. Ne4 b6 13. c4 dxc3 14. bxc3 Bd7 15. c4 Nde7 16. d4 cxd4 17. Nxd4 Nxd4 18. Qxd4 Nf5 19. Qf2 Rc8 20. Ba3 Rxc4 21. Bxf8 Bxf8 22. Nf6+ Qxf6 23. exf6 Bc5 24. Qxc5 Rxc5 25. Rfd1 Rc7 26. Rac1 Rxc1 27. Rxc1 h5 28. Rd1 Bb5 29. Rd8+ Kh7 30. Rb8 Ne3 31. Rxb6 Kh6 32. a4 Nc4 33. Rb8 Bxa4 34. Rh8# 1-0

[Event "Piaui-ch final"]
[White "Bastos, Werton Alvarenga"]
[Black "Silva Sobrinho, Agostinho Jose"]
[Site "Teresina"]
[Round "9"]
[Result "0-1"]
[Date "2018.01.04"]
[WhiteElo "2054"]
[BlackElo "2113"]
[PlyCount "64"]
[EventDate "2017.12.28"]
[EventType "tourn"]
[EventRounds "18"]
[EventCountry "BRA"]
[SourceTitle "EXT 2019"]
[Source "ChessBase"]
[SourceDate "2018.10.10"]
[SourceVersion "1"]
[SourceVersionDate "2018.10.10"]
[SourceQuality "1"]

1. c4 e5 2. Nc3 Nc6 3. g3 g6 4. Bg2 Bg7 5. d3 Nge7 6. e4 0-0 7. Nge2 d6 8. 0-0 h6 9. Be3 Nd4 10. Qd2 Kh7 11. Nd5 f5 12. Bxd4 exd4 13. Nxe7 Qxe7 14. exf5 Rxf5 15. Nf4 Re5 16. Be4 Bf5 17. Bxb7 Rb8 18. Bf3 g5 19. Nd5 Qd7 20. Rfe1 c5 21. Rxe5 dxe5 22. Qe2 Re8 23. b4 cxb4 24. Nxb4 e4 25. Bh5 Re5 26. dxe4 Rxe4 27. Qd2 d3 28. Rc1 g4 29. Nd5 Re2 30. Qa5 Bd4 31. Rf1 d2 32. Nc3 Bxc3 0-1

[Event "Luiz Rego Memorial 5th"]
[White "Bastos, Werton Alvarenga"]
[Black "Lima Filho, Jose Pacifico"]
[Site "Teresina"]
[Round "6"]
[Result "1-0"]
[Date "2017.08.06"]
[WhiteElo "2090"]
[BlackElo "1898"]
[PlyCount "28"]
[EventDate "2017.08.04"]
[EventType "swiss"]
[EventRounds "6"]
[EventCountry "BRA"]
[SourceTitle "CBM 180 Extra"]
[Source "ChessBase"]
[SourceDate "2017.10.06"]
[SourceVersion "1"]
[SourceVersionDate "2017.10.06"]
[SourceQuality "1"]

1. c4 e5 2. g3 Nf6 3. Bg2 c5 4. Nc3 Nc6 5. e3 d6 6. a3 Be6 7. d3 Qd7 8. Rb1 Be7 9. Nge2 0-0 10. 0-0 Bh3 11. b4 Bxg2 12. Kxg2 d5 13. cxd5 Nxd5 14. Ne4 Bd6 1-0

[Event "Teresina-ch"]
[White "Sales, Luis Carlos"]
[Black "Bastos, Werton Alvarenga"]
[Site "Teresina"]
[Round "5"]
[Result "0-1"]
[Date "2017.03.19"]
[WhiteElo "1818"]
[BlackElo "2090"]
[PlyCount "130"]
[EventDate "2017.03.16"]
[EventType "swiss"]
[EventRounds "6"]
[EventCountry "BRA"]
[SourceTitle "CBM 177 Extra"]
[Source "ChessBase"]
[SourceDate "2017.04.27"]
[SourceVersion "1"]
[SourceVersionDate "2017.04.27"]
[SourceQuality "1"]

1. d4 Nf6 2. Nf3 e6 3. b3 d5 4. e3 c5 5. Be2 Nc6 6. 0-0 Be7 7. Bb2 0-0 8. Nbd2 Bd7 9. Ne5 Qc7 10. Nxd7 Nxd7 11. Nf3 Bf6 12. c4 dxc4 13. Bxc4 Nb6 14. Be2 cxd4 15. exd4 Rfd8 16. Qc2 Rac8 17. Qe4 g6 18. Rac1 Qd6 19. Rfd1 Nd5 20. g3 Bg7 21. Bb5 Nf6 22. Qh4 Ne7 23. Rxc8 Rxc8 24. Bd3 h6 25. Ne5 g5 26. Qh3 Ned5 27. Ng4 Nxg4 28. Qxg4 Nc3 29. Bxc3 Rxc3 30. Qe4 Qxd4 31. Qh7+ Kf8 32. Bc2 Qb6 33. Bb1 Qc7 34. Kg2 f5 35. Qg6 Rc1 36. Rxc1 Qxc1 37. Bd3 Qc6+ 38. f3 g4 39. Be2 Qd5 40. h3 Qe5 41. Kf2 gxh3 42. Qh5 Qd4+ 43. Ke1 Qg1+ 44. Kd2 h2 45. Bb5 Qg2+ 46. Ke3 Kg8 47. Qe8+ Kh7 48. Qxe6 Qxg3 49. Qxf5+ Qg6 50. Qd7 Qg5+ 51. f4 Qg3+ 52. Ke2 h1Q 53. Bd3+ Qg6 54. Bxg6+ Kxg6 55. f5+ Kh7 56. f6 Qe4+ 57. Kd1 Qf3+ 58. Kc2 Qxf6 59. Qxb7 Qd4 60. Qf7 Qc5+ 61. Kd3 a5 62. Kd2 Qg5+ 63. Kd1 h5 64. Qc7 Qg1+ 65. Kc2 Qf2+ 0-1

[Event "Teresina-ch"]
[White "Bastos, Werton Alvarenga"]
[Black "Farias, Edilsom"]
[Site "Teresina"]
[Round "3"]
[Result "1-0"]
[Date "2017.03.18"]
[WhiteElo "2090"]
[BlackElo "1854"]
[PlyCount "85"]
[EventDate "2017.03.16"]
[EventType "swiss"]
[EventRounds "6"]
[EventCountry "BRA"]
[SourceTitle "CBM 177 Extra"]
[Source "ChessBase"]
[SourceDate "2017.04.27"]
[SourceVersion "1"]
[SourceVersionDate "2017.04.27"]
[SourceQuality "1"]

1. c4 c5 2. Nc3 Nc6 3. Nf3 e5 4. g3 g6 5. Bg2 Bg7 6. 0-0 Nge7 7. d3 0-0 8. Be3 d6 9. Qd2 Rb8 10. Bh6 Be6 11. Bxg7 Kxg7 12. Ng5 Bd7 13. f4 a6 14. fxe5 dxe5 15. Nge4 Be6 16. e3 b6 17. Rad1 f5 18. Ng5 Bg8 19. e4 h6 20. Nh3 Be6 21. Nd5 Nd4 22. b3 Qd6 23. Nxe7 Qxe7 24. exf5 Bxf5 25. Nf2 Rbd8 26. Rde1 Rfe8 27. Ne4 Qd7 28. Nc3 b5 29. Nd5 Qd6 30. h3 Rf8 31. g4 Bd7 32. Qe3 Nc6 33. g5 hxg5 34. Qxg5 Rxf1+ 35. Rxf1 Rf8 36. Rxf8 Qxf8 37. Be4 Qf7 38. h4 Bf5 39. h5 Bxe4 40. dxe4 Qe6 41. cxb5 axb5 42. Nc7 Qd6 43. Ne8+ 1-0